00448 a2200169 450000100060000002000060000604000220001210000330003424000190006724500140008630000080010036200090010865000260011794200070014395201110015099900170026158531 a  cAnchieta - Pituba aNovato, Maria Lúcia Prisco10aArquimimolpor10aArquimimo a3880 a1998 4aFicção brasileira cBK 00104070a91.1b91.1d2023-11-21l0o869.93 N936a NOV ARQp9173/PITr2023-11-21 18:26:22w2023-11-21yBK c58531d58531